000 00804nam a2200229 a 4500
001 54152
003 BD-RjUL
005 20211209080059.0
008 161102s2004 bg ||||| |||| 00| 0 ben d
020 _c: TK 80.00
035 _a(BD-RjUL)54274
040 _aBD-RjUL
_bben
_cBD-RjUL
041 _aben
082 _223
_a891.441
_bALM 2004
100 _aআলী, মোঃ নওসাদ আলী
_9161659
245 1 0 _aমনে হয় ছুঁই ছুঁই /
_cমোঃ নওসাদ আলী
260 _aরাজশাহী :
_bবাংলাদেশ কবিতা ক্লাব,
_c২০০৪
300 _a১০৪ পৃ. ;
_c২১ সেমি.
650 _aবাংলা কবিতা
_9161660
650 _aBengali Poetry
_9161661
942 _2ddc
_cBK
999 _c54152
_d54152